| 000 | 00946nam a2200229 i 4500 | ||
|---|---|---|---|
| 001 | 25590 | ||
| 003 | ES-MaACL | ||
| 005 | 20250805003533.0 | ||
| 007 | t| | ||
| 008 | 021227s1917 xxu ||||1| spa d | ||
| 100 | 1 |
_aArmendariz, Julian de ( _d1585-1614) _922937 |
|
| 245 | 1 | 0 |
_aComedia famosa de Las burlas veras de Ivlian de Armendariz / _ced. from the manuscript in the R. Biblioteca Palatina at Parma, with an introduction and notes and with some account of the life and works of Armendariz by S.L. Millard Rosenberg. |
| 260 |
_aPhiladelphia : _b[s.n.], _c1917. |
||
| 300 |
_a206 p. : _bfacsims. ; _c24 cm. |
||
| 546 | _aIntroducción y argumento en inglés. | ||
| 600 | 1 | 4 |
_aCalderon de la Barca, Pedro. _tEspañola de Florencia. _9156580 |
| 600 | 1 | 0 |
_aVega, Lope de, _d1562-1635. _tBurlas veras _9234000 |
| 700 | 1 |
_aRosenberg, Solomon Leopold Millard. _999725 |
|
| 852 |
_aES-MaACL _jF-1273 |
||
| 942 | _2udc | ||
| 999 |
_c25590 _d25590 |
||